| 000 | 00936cam a2200265 a 4500 | ||
|---|---|---|---|
| 001 | vtls003021661 | ||
| 003 | MY-SjTCS | ||
| 005 | 20200310105638.0 | ||
| 008 | 110218s2003 nyua b 000 0 eng | ||
| 020 | _a0415232074 (pbk.) | ||
| 039 | 9 |
_a201102181337 _bVLOAD _y200504070748 _zkusuma |
|
| 082 | 0 | 4 |
_a624.0681 _bKEN |
| 100 | 1 |
_aKenley, Russell. _9220301 |
|
| 245 | 1 | 0 |
_aFinancing construction : _bcash flows and cash farming / _cRussell Kenley. |
| 260 |
_aNew York : _bSpon Press, _c2003. |
||
| 300 |
_axxiv, 273 p. : _bill. ; _c24 cm. |
||
| 504 | _aIncludes bibliographical references. | ||
| 650 | 0 |
_aConstruction industry _xManagement. _98145 |
|
| 650 | 0 |
_aConstruction industry _xFinance. _99888 |
|
| 650 | 0 |
_aConstruction industry _xCapital investments. _9220302 |
|
| 650 | 0 |
_aConstruction industry _xAccounting. _916517 |
|
| 650 | 0 |
_aManagerial accounting _9209249 |
|
| 650 | 0 |
_aCash flow. _9206312 |
|
| 920 | _aBLT (DIP) : 524081 | ||
| 999 | _c35493 | ||